000 00554nam a22001697a 4500
003 MACL
005 20160113121353.0
008 160113b xxu||||| |||| 00| 0 eng d
040 _cMACL
041 _aHindi
082 _a001
100 _aडॉ शर्मा एंव सिंह
_931621
245 _aएस एस सी संयुक्‍त स्‍नातक स्‍तरीय परीक्षा
260 _aआगरा
_bउपकार प्रकाशन
650 _aएस एस सी
_931572
942 _2ddc
_cHIN
999 _c52135
_d52135